header

Getting better (Record no. 36281)

MARC details
000 -LEADER
fixed length control field 01345nam a2200349Ia 4500
082 04 - DEWEY DECIMAL CLASSIFICATION NUMBER
Classification number 362.1094
100 1# - MAIN ENTRY--AUTHOR NAME
Personal name Smith, Owen,
245 10 - TITLE STATEMENT
Title Getting better
260 ## - PUBLICATION, DISTRIBUTION, ETC. (IMPRINT)
Place of publication Washington DC :
Name of publisher World Bank,
Year of publication 2013.
300 ## - PHYSICAL DESCRIPTION
Number of Pages xviii, 192 p. :
Other physical details ill.
490 0# - SERIES STATEMENT
Series statement Europe and Central Asia reports
650 #0 - SUBJECT ADDED ENTRY--TOPICAL TERM
Topical Term Medical care
Topical Term Medical policy
700 1# - ADDED ENTRY--PERSONAL NAME
Personal name Nguyen, Son Nam.
856 40 - ELECTRONIC LOCATION AND ACCESS
Uniform Resource Identifier http://site.ebrary.com/lib/rucke/Doc?id=10732006

No items available.

© 2026 Rongo University
Contact us: librarian | system librarian | Rongo university